| 000 | 00479cam a22001217a 4500 | ||
|---|---|---|---|
| 008 | 180718b1983 xxu||||| |||| 00| 0 eng d | ||
| 082 | _aB3084x5434 Sa71 H | ||
| 100 | _aSarsawat, Radha | ||
| 245 |
_aHarishchandra Mathur Rajasthan RAjya Lock Prashanshan Sansthan: Sankhsalik avom Keryathamah vivect _cby Radha Sarsawat |
||
| 260 |
_aJaipur _bLok Prashashan Vivhag, Rajasthan Vishvavidyalaya _c1983 |
||
| 300 | _a170p. | ||
| 650 | _aPublic Administration - Research - India - Rajasthan | ||
| 999 |
_c477498 _d477498 |
||